000 01124nam2a2200277 4500
001 RU\NLR\DIGIT\13968
005 20250613201845.0
035 _a(NLR Aleph) 010116361
090 _a9983923
_c9983923
100 _a20050225j19650303|||y0rusy50 ca
101 0 _aost
102 _aRU
135 _acocn 300apabp
200 1 _a№ 18(526)
210 _aХанты-Мансийск
_d3 марта 1965
215 _a4 с.
_cил.
325 _aLeninkaya_pravda_1965_03_03_N018
325 _aКопия доступна в Электрон. б-ке РНБ http://vivaldi.nlr.ru/pn000002364/view
461 0 _1001RU\NLR\DIGIT\13443
_12001#$aЛенинская правда$v№ 18(526)
_1210##$aХанты-Мансийск$d1965
_99981852
_cХанты-Мансийск
_d1960-1965
_tЛенинская правда
_v№ 18(526)
801 2 _aRU
_bNLR
_c20070626
_2rusmarc
852 _aNLR
_jН Хант.-г/1-6
942 _cISSNP
980 _aNB
981 3 6 _a(36) Цифровой репозиторий РНБ
981 2 7 _a(27) Периодические издания
_b(27) Газеты